| 000 | 00947nam a22002537a 4500 | ||
|---|---|---|---|
| 005 | 20100803105616.0 | ||
| 010 | _aENG-97832 | ||
| 020 |
_a9780415564458 _c595.00 |
||
| 035 | _aEN-81365 | ||
| 037 | _bDBAD/PUB | ||
| 082 | _a792.809596 | ||
| 245 |
_aBeyond the apsara: _bcelebrating dance in combodia / _cedited by Stephanie Burridge [and] Fred Frumberg |
||
| 260 |
_aNew Delhi _bRoutledge _c2010 |
||
| 270 |
_a912-915 Tolstoy House, 15-17 Tolstoy Marg _bNew Delhi _e110001 |
||
| 300 |
_axxii,220p. _c22cm (Hb) |
||
| 500 | _aIncludes bibliographical references and index | ||
| 650 |
_aCambodia _94741 |
||
| 650 |
_aDance _94742 |
||
| 650 |
_aFolk Dancing _94743 |
||
| 700 |
_aBurridge, Stephanie _94744 |
||
| 700 |
_aFrumberg, Fred _94745 |
||
| 942 |
_2ddc _cEN _h792.809596 _mBEY |
||
| 999 |
_c38852 _d38852 |
||